| 000 | 00689nam a2200217 a 4500 | ||
|---|---|---|---|
| 001 | 000035899 | ||
| 005 | 20240514073717.0 | ||
| 008 | 111115s1972 ag 000 0 spa d | ||
| 040 |
_aDO-SdBNP _bspa _cBNPHU |
||
| 082 |
_a170 _bB942e, 1972 |
||
| 100 | 1 |
_aBunge, Mario _931145 |
|
| 245 | 1 | 0 |
_aÉtica y ciencia / _cMario Bunge. |
| 250 | _a3a ed. | ||
| 260 |
_aBuenos Aires : _bSiglo Veinte, _c1972. |
||
| 300 |
_a111 p. ; _c23 cm. |
||
| 500 | _aIncluye referencias bibliográficas y notas al pie de las páginas | ||
| 590 | _aPerteneció a la biblioteca personal de Juan Isidro Jimenes Grullón | ||
| 650 | 0 |
_aÉtica _9509 |
|
| 910 | _aValidado. Control de calidad MFF | ||
| 049 | _aBNPD | ||
| 999 |
_c35390 _d35390 |
||